000 00754nam a22002297a 4500
999 _c57036
_d57036
005 20191030114623.0
008 191030s2018 en ||||| |||| 00| 0 eng d
020 _a9783982025704
041 _aeng
080 _a581.9(479.22)(036) F-57
100 _aFischer, E
_95092
245 _aIllustrated field guide to the flora of Georgia (South Caucasus) /
_c E. Fischer ; A. Grober ; W. Lobin .
264 _aKoblenz,
_c2018.
300 _a830 p.:
_bill ;
_c23 cm.
440 _aBiogeographical Monograph 3
_95093
653 _aIllustrated field guide to the flora of Georgia (South Caucasus)
653 _aბოტანიკა
653 _aფლორა
700 _a Grober, A
_95094
700 _aLobin, W.
_95095
942 _2udc
_cBK